| 000 | 00900cam a22002291 4500 | ||
|---|---|---|---|
| 001 | sa 64006532 | ||
| 003 | DLC | ||
| 005 | 20260227112040.0 | ||
| 008 | 890913s1962 io 000 0 ind | ||
| 010 | _asa 64006532 | ||
| 035 | _a(OCoLC)23536483 | ||
| 040 |
_aDLC _cMiU _dDLC |
||
| 041 | 1 |
_aind _heng |
|
| 042 | _apremarc | ||
| 050 | 0 | 0 |
_aDS644.2.1962 _b.S93 |
| 100 | 0 |
_aSoekarno, _d1901-1970. |
|
| 245 | 1 | 0 |
_aFadjar kemenangan telah menjingsing. _bTerdjemahan amanat Presiden jang diutjapkan dalam bahasa Inggeris pada Pembukaan Pertemuan Setiakawan Internasional Mahasiswa untuk Pembebasan Irian Barat dan Komite Eksekutif dari IUS, di Istana Olah Raga Senajan, Djakarta pada tanggal 15 Mei 1962. |
| 260 |
_a[Djakarta] _bDepartemen Penerangan _c[cover 1962] |
||
| 300 |
_a12 p. _c22 cm. |
||
| 500 | _a"Penerbitan chusus, 208." | ||
| 500 | _aTranslation of "The Indonesian dawn is approaching." | ||
| 999 |
_c59756 _d59756 |
||